[Event "Mondiale Lampo FIDE 2019"]
[Site "Mosca"]
[Date "29.12.2019"]
[Round "10.32"]
[White "Pogosyan, Stefan"]
[Black "Safarli, Eltaj"]
[Result "1-0"]
[WhiteTitle "IM"]
[BlackTitle "GM"]
[WhiteElo "2459"]
[BlackElo "2601"]
[WhiteFideId "34159867"]
[BlackFideId "13402129"]
[EventDate "2019.12.29"]

1. e4 e5 2. Nf3 Nc6 3. Bc4 Bc5 4. c3 Nf6 5. d3 d6 6. Nbd2 a6 7. Bb3 Ba7 8. h3
Be6 9. Qe2 Qd7 10. Nf1 O-O-O 11. Ng3 Bxb3 12. axb3 d5 13. Bg5 h6 14. Bxf6 gxf6
15. O-O Rhg8 16. Kh2 Ne7 17. Nh4 Ng6 18. Nhf5 Nf4 19. Qf3 dxe4 20. dxe4 Qb5 21.
Ne7+ Kb8 22. Nxg8 Rxg8 23. b4 h5 24. Rg1 h4 25. Nf5 Ne2 26. Nxh4 Nxg1 27. Kxg1
Bb6 28. Rd1 Qa4 29. Qe2 Qb3 30. Nf5 Ka7 31. h4 Qe6 32. g3 Qe8 33. Kg2 Rh8 34. c4
Bd4 35. Nxd4 exd4 36. Rxd4 Qe5 37. Rd5 Qe6 38. b5 a5 39. Qe3+ b6 40. c5 1-0

[Event "Mondiale Lampo FIDE 2019"]
[Site "Mosca"]
[Date "29.12.2019"]
[Round "10.33"]
[White "Sadhwani, Raunak"]
[Black "Svidler, Peter"]
[Result "0-1"]
[WhiteTitle "IM"]
[BlackTitle "GM"]
[WhiteElo "2507"]
[BlackElo "2723"]
[WhiteFideId "35093487"]
[BlackFideId "4102142"]
[EventDate "2019.12.29"]

1. e4 e5 2. Nf3 Nc6 3. Bb5 a6 4. Bxc6 dxc6 5. O-O Bd6 6. d4 exd4 7. Qxd4 f6 8.
Be3 Ne7 9. Nbd2 Be6 10. Rfd1 Ng6 11. Qc3 Qe7 12. a3 O-O-O 13. Nd4 Rhe8 14. Nxc6
bxc6 15. Qxc6 Ne5 16. Qxa6+ Kd7 17. Qa4+ Kc8 18. c4 c5 19. Nb3 Nxc4 20. Bxc5
Bxc5 21. Qc6+ Qc7 22. Qa8+ Qb8 23. Qc6+ Qc7 24. Qa8+ Qb8 25. Qc6+ Qc7 26. Qa8+
Qb8 27. Qc6+ Qc7 28. Rxd8+ Kxd8 29. Rd1+ Bd6 30. Qa6 Ke7 31. Nd4 Qb6 32. Qa4
Nxb2 33. Nc6+ Kf7 0-1

[Event "Mondiale Lampo FIDE 2019"]
[Site "Mosca"]
[Date "29.12.2019"]
[Round "10.35"]
[White "Guseinov, Gadir"]
[Black "Nihal, Sarin"]
[Result "0-1"]
[WhiteTitle "GM"]
[BlackTitle "GM"]
[WhiteElo "2666"]
[BlackElo "2612"]
[WhiteFideId "13401378"]
[BlackFideId "25092340"]
[EventDate "2019.12.29"]

1. c4 e5 2. Nc3 Nc6 3. g3 Bc5 4. Bg2 a6 5. e3 d6 6. Nge2 Ba7 7. O-O h5 8. d4 h4
9. c5 hxg3 10. hxg3 Nge7 11. cxd6 Qxd6 12. dxe5 Qxe5 13. Nf4 Bd7 14. Nd3 Qg5 15.
e4 Qxg3 16. Bf4 Qh4 17. Nd5 Nxd5 18. exd5 O-O-O 19. dxc6 Bxc6 20. Bxc6 bxc6 21.
Qf3 Rxd3 22. Qxc6 Qg4+ 23. Qg2 Qxf4 24. Qa8+ Kd7 25. Qxh8 Rg3+ 0-1

[Event "Mondiale Lampo FIDE 2019"]
[Site "Mosca"]
[Date "29.12.2019"]
[Round "10.36"]
[White "Postny, Evgeny"]
[Black "Grigoriants, Sergey"]
[Result "1/2-1/2"]
[WhiteTitle "GM"]
[BlackTitle "GM"]
[WhiteElo "2605"]
[BlackElo "2542"]
[WhiteFideId "2804344"]
[BlackFideId "4130804"]
[EventDate "2019.12.29"]

1. d4 Nf6 2. c4 g6 3. Nc3 d5 4. Bf4 Bg7 5. e3 O-O 6. Nf3 c5 7. dxc5 Qa5 8. Rc1
dxc4 9. Bxc4 Qxc5 10. Bb3 Qa5 11. O-O Nc6 12. Qe2 Nh5 13. Bg5 h6 14. Bh4 g5 15.
Bg3 Nxg3 16. hxg3 Bg4 17. Qc4 Be6 18. Qe4 Bf5 19. Qc4 Be6 20. Qe2 Bg4 21. Rfd1
Rad8 22. Rxd8 Rxd8 23. Qc4 Be6 24. Qe4 Bf5 25. Qc4 Be6 26. Qf1 Bxb3 27. axb3 Qb4
28. Qc4 e6 29. Qxb4 Nxb4 30. Ne4 Nd5 31. Rc2 b6 32. Kf1 f5 33. Ned2 Kf7 34. Ke2
Ke7 35. Nc4 Rc8 36. Rd2 g4 37. Nd4 Rc5 1/2-1/2

[Event "Mondiale Lampo FIDE 2019"]
[Site "Mosca"]
[Date "29.12.2019"]
[Round "10.37"]
[White "Khusnutdinov, Rustam"]
[Black "Salem, A.R. Saleh"]
[Result "0-1"]
[WhiteTitle "GM"]
[BlackTitle "GM"]
[WhiteElo "2491"]
[BlackElo "2675"]
[WhiteFideId "13701703"]
[BlackFideId "9301348"]
[EventDate "2019.12.29"]

1. Nc3 d5 2. e4 dxe4 3. Nxe4 Nf6 4. Nxf6+ exf6 5. g3 Nc6 6. Bg2 Be6 7. Ne2 Qd7
8. O-O O-O-O 9. d3 h5 10. Be3 h4 11. Nf4 Bf5 12. b4 Kb8 13. b5 Ne5 14. a4 g5 15.
Nd5 Bh3 16. Nxf6 Qe6 17. Ne4 Bxg2 18. Kxg2 hxg3 19. Nxg5 Rxh2+ 20. Kxg3 Qh6 21.
Kf4 Bd6 22. Ke4 Rh4+ 23. f4 Qxg5 0-1

[Event "Mondiale Lampo FIDE 2019"]
[Site "Mosca"]
[Date "29.12.2019"]
[Round "10.38"]
[White "Frolyanov, Dmitry"]
[Black "Cheparinov, Ivan"]
[Result "1/2-1/2"]
[WhiteTitle "GM"]
[BlackTitle "GM"]
[WhiteElo "2556"]
[BlackElo "2687"]
[WhiteFideId "4151976"]
[BlackFideId "2905540"]
[EventDate "2019.12.29"]

1. e4 c5 2. Nf3 d6 3. d4 cxd4 4. Nxd4 Nf6 5. Nc3 a6 6. Be3 e5 7. Nf3 Be7 8. Bc4
O-O 9. O-O Qc7 10. Bb3 Be6 11. Re1 Nbd7 12. Bxe6 fxe6 13. Ng5 Qc4 14. Qd3 Rfc8
15. Qxc4 Rxc4 16. Nxe6 Nxe4 17. Nxe4 Rxe4 18. Nc7 Rc8 19. Nd5 Bd8 20. c3 Nf6 21.
Rad1 Rc6 22. Nb4 Rc7 23. Rxd6 Be7 24. Rb6 Bc5 25. Rxf6 gxf6 26. Nd5 Rf7 27. Rd1
Bxe3 28. Nxe3 f5 29. Kf1 Kg7 30. Rd5 h5 31. b3 b5 32. g3 f4 33. Ng2 fxg3 34.
hxg3 b4 35. cxb4 Rc7 36. Ne3 Kf6 37. b5 axb5 38. Rxb5 Rc1+ 39. Kg2 Rd4 40. Rb6+
Kf7 41. Rb7+ Ke6 42. Rb6+ Rd6 43. Rb5 Rd2 44. Rb6+ Kd7 45. Rb7+ Kc6 46. Rh7 Rc3
47. Nc4 Rxa2 48. Nxe5+ Kd5 49. Rxh5 Rcc2 50. Nd3+ Kd4 51. Nb4 Rxf2+ 52. Kh3 Rh2+
53. Kg4 Rxh5 54. Kxh5 Ra5+ 55. Kg6 Rb5 56. Nc2+ Kd3 57. Ne1+ Ke4 58. g4 Rxb3 59.
g5 Ke5 60. Ng2 Rg3 61. Nh4 Kf4 62. Kh6 Rxg5 63. Ng6+ Kf5 64. Nh4+ Kf6 65. Nf3
Rf5 66. Nh4 Ra5 67. Nf3 Rb5 68. Nh4 Rb4 69. Kh5 Rf4 70. Ng2 Re4 71. Nh4 Rd4 72.
Nf3 Rf4 73. Nh4 Ra4 74. Nf3 Rb4 75. Nh4 Rc4 76. Nf3 Kf5 77. Nh4+ Kf4 78. Ng6+
Kf5 79. Nh4+ Kf6 80. Nf3 Ra4 81. Nh4 Rxh4+ 82. Kxh4 1/2-1/2

[Event "Mondiale Lampo FIDE 2019"]
[Site "Mosca"]
[Date "29.12.2019"]
[Round "10.39"]
[White "Gajewski, Grzegorz"]
[Black "Shimanov, Aleksandr"]
[Result "1-0"]
[WhiteTitle "GM"]
[BlackTitle "GM"]
[WhiteElo "2626"]
[BlackElo "2587"]
[WhiteFideId "1116207"]
[BlackFideId "4198603"]
[EventDate "2019.12.29"]

1. d4 Nf6 2. Nf3 g6 3. Bg5 Bg7 4. Nbd2 O-O 5. e3 d6 6. c3 Qe8 7. Be2 e5 8. O-O
Nc6 9. b4 h6 10. Bh4 Nh7 11. b5 Nd8 12. Nc4 g5 13. Bg3 e4 14. Nfd2 f5 15. f3
exf3 16. Bxf3 Nf6 17. Qc2 Qxb5 18. Rab1 Qe8 19. Be2 b5 20. Bf3 Rb8 21. Rfe1 Nc6
22. Bf2 bxc4 23. Bxc6 Qxc6 24. Rxb8 Bb7 25. Rxb7 Qxb7 26. Qxf5 Qd5 27. Qg6 Qa5
28. Qc2 Nd5 29. Rc1 Nb6 30. e4 Qb5 31. Nf3 Qd7 32. Re1 Qf7 33. Bg3 Re8 34. e5 d5
35. Rf1 Qe6 36. Nd2 Nc8 37. Rf2 Ne7 38. Nf1 c5 39. dxc5 Qc6 40. Ne3 Qxc5 41. Ng4
Kh8 42. Kf1 Nc6 43. Nf6 Bxf6 44. Rxf6 Re7 45. Qg6 Rg7 46. Qxh6+ Kg8 47. Rxc6
Rf7+ 48. Rf6 Rb7 49. Qg6+ Kh8 50. Qe8+ Kg7 51. Rg6+ 1-0

[Event "Mondiale Lampo FIDE 2019"]
[Site "Mosca"]
[Date "29.12.2019"]
[Round "10.40"]
[White "Paravyan, David"]
[Black "Ruck, Robert"]
[Result "1/2-1/2"]
[WhiteTitle "GM"]
[BlackTitle "GM"]
[WhiteElo "2629"]
[BlackElo "2530"]
[WhiteFideId "4194985"]
[BlackFideId "705713"]
[EventDate "2019.12.29"]

1. e4 c6 2. d4 d5 3. f3 Qb6 4. Nc3 dxe4 5. fxe4 e5 6. dxe5 Be6 7. Nf3 Nd7 8. Bd3
Ne7 9. Ne2 Ng6 10. Ned4 O-O-O 11. Bg5 Be7 12. Bxe7 Nxe7 13. Qd2 Nxe5 14. Nxe6
Nxf3+ 15. gxf3 fxe6 16. O-O-O Ng6 17. f4 Rhf8 18. Rhf1 e5 19. fxe5 Nxe5 20. Rxf8
Rxf8 21. Be2 Qc5 22. Kb1 Qe7 23. Qe3 b6 24. a4 Kc7 25. a5 Rd8 26. Rf1 Rf8 27.
Rg1 g6 28. a6 Qc5 29. Qg3 Rf2 30. Bd3 b5 31. Rc1 Kb6 32. Bf1 Kxa6 33. Qb3 Kb6
34. Bd3 a5 35. Qg8 Qd6 36. Qxh7 a4 37. Bf1 a3 38. Qh8 axb2 39. Re1 Rd2 40. Be2
Rd4 41. Qa8 Qc7 42. Rf1 Qa7 43. Qxa7+ Kxa7 44. Rf4 Rd2 45. Bf1 Rxh2 46. Kxb2 Kb6
47. Rf8 Rh1 48. Re8 Nd7 49. Bd3 Rh5 50. Re6 Ne5 51. Be2 Rg5 52. Kc3 Kc7 53. Kd4
Nd7 54. e5 b4 55. Bd3 Rg4+ 56. Ke3 Nc5 1/2-1/2

[Event "Mondiale Lampo FIDE 2019"]
[Site "Mosca"]
[Date "29.12.2019"]
[Round "10.41"]
[White "Tomashevsky, Evgeny"]
[Black "Ganguly, Surya Shekhar"]
[Result "1-0"]
[WhiteTitle "GM"]
[BlackTitle "GM"]
[WhiteElo "2705"]
[BlackElo "2633"]
[WhiteFideId "4147235"]
[BlackFideId "5002150"]
[EventDate "2019.12.29"]

1. c4 Nf6 2. Nc3 e6 3. Nf3 d5 4. d4 Bb4 5. e3 O-O 6. Bd2 b6 7. cxd5 exd5 8. Rc1
Bb7 9. Bd3 a6 10. O-O Bd6 11. Ne2 Nbd7 12. Ng3 Re8 13. a3 Ne4 14. Bb4 c5 15.
dxc5 bxc5 16. Bxe4 dxe4 17. Qxd6 exf3 18. Rfd1 cxb4 19. Qxd7 Qb6 20. Rc7 Qf6 21.
Rxb7 Rad8 22. Qa4 Qxb2 23. Rxb4 Rxd1+ 24. Qxd1 Qxa3 25. Ra4 Qb2 26. gxf3 h6 27.
Rxa6 Rc8 28. Kg2 Rc2 29. Qd8+ Kh7 30. Qd3+ g6 31. Ne4 Qb1 32. Qd5 Rc7 33. Nf6+
Kg7 34. Ne8+ 1-0

[Event "Mondiale Lampo FIDE 2019"]
[Site "Mosca"]
[Date "29.12.2019"]
[Round "10.42"]
[White "Alekseev, Evgeny"]
[Black "Sethuraman, S.P."]
[Result "1-0"]
[WhiteTitle "GM"]
[BlackTitle "GM"]
[WhiteElo "2620"]
[BlackElo "2638"]
[WhiteFideId "4138147"]
[BlackFideId "5021596"]
[EventDate "2019.12.29"]

1. c4 e5 2. d3 Nf6 3. Nf3 Nc6 4. Nc3 d5 5. cxd5 Nxd5 6. e3 Be7 7. Be2 O-O 8. O-O
Be6 9. a3 Nb6 10. b4 f6 11. Bb2 Qd7 12. Qc2 Rfd8 13. Rfd1 Qe8 14. Ne4 Qf7 15.
Nfd2 a5 16. b5 Na7 17. d4 exd4 18. Bxd4 Nd5 19. Nc5 Bxc5 20. Qxc5 b6 21. Qc2
Rac8 22. Qb2 c5 23. bxc6 Nxc6 24. Nf3 Nxd4 25. Nxd4 Nc3 26. Rdc1 Nxe2+ 27. Qxe2
Bc4 28. Qb2 Qb7 29. a4 Bd5 30. f3 Re8 31. e4 Bf7 32. Nf5 Rcd8 33. Rab1 Qd7 34.
Qxb6 Qxa4 35. Ra1 Qb4 36. Qxa5 Qxa5 37. Rxa5 Rd7 38. Rc2 Red8 39. Kf2 h5 40. h4
g6 41. Ne3 Rd2+ 42. Rxd2 Rxd2+ 43. Kg3 Kg7 44. Rc5 Rd7 45. Kf4 Be6 46. Nd5 Kf7
47. Rc7 Rxc7 48. Nxc7 Bc4 49. e5 fxe5+ 50. Kxe5 Bf1 51. g3 Be2 52. f4 Bg4 53.
Nb5 Bd7 54. Nd6+ Kg7 55. Ne4 Bf5 56. Nc5 Bg4 57. Kd6 Kf6 58. Kd5 Bf3+ 59. Kd4
Kf5 60. Ke3 Bd5 61. Nd3 Kf6 62. Kd4 Ba8 63. Nc5 Kf5 64. Ke3 Kf6 65. Nb3 Kf5 66.
Nd4+ Kf6 67. f5 gxf5 68. Ne2 Bd5 69. Nf4 Bf7 70. Kd4 Be8 71. Kd5 Bf7+ 72. Kd6
Be8 73. Nd5+ Kg6 74. Ke5 Bd7 75. Ne7+ Kf7 76. Nxf5 Kg6 77. Ne7+ Kf7 78. Nd5 Kg6
79. Nf4+ Kh6 80. Kf6 Bg4 81. Nd5 Bd1 82. Ne3 Bf3 83. Nf5+ Kh7 84. Kg5 Bd1 85.
Nd6 Bf3 86. Ne8 Bc6 1-0

[Event "Mondiale Lampo FIDE 2019"]
[Site "Mosca"]
[Date "29.12.2019"]
[Round "10.43"]
[White "Can, Emre"]
[Black "Alonso Rosell, Alvar"]
[Result "0-1"]
[WhiteTitle "GM"]
[BlackTitle "GM"]
[WhiteElo "2600"]
[BlackElo "2548"]
[WhiteFideId "6302181"]
[BlackFideId "2270544"]
[EventDate "2019.12.29"]

1. e4 c5 2. Nf3 d6 3. d4 cxd4 4. Nxd4 Nf6 5. Nc3 a6 6. h3 e5 7. Nb3 Be7 8. Be3
Be6 9. Qf3 Nbd7 10. O-O-O Rc8 11. Nd5 Bxd5 12. exd5 Nb6 13. g4 Nfd7 14. Kb1 Nc4
15. Bxc4 Rxc4 16. Nd2 Rc8 17. Ne4 Qc7 18. Rd2 Nb6 19. Bxb6 Qxb6 20. h4 Rc4 21.
c3 a5 22. g5 h6 23. g6 f5 24. Ng3 Rf4 25. Qe2 O-O 26. Nh5 Rg4 27. f4 e4 28. Rd4
Rxg6 29. a4 Rg4 30. Ka2 g6 31. Rxe4 Bd8 32. Re8 Qc7 33. Qe6+ Qf7 34. Rxf8+ Kxf8
35. Qxd6+ Qe7 36. Qb8 gxh5 37. d6 Qd7 38. Re1 Rxf4 39. b3 Re4 40. Rg1 Re2+ 41.
Ka3 Re6 42. Rd1 f4 43. c4 b6 44. Rd3 Rf6 45. Rd5 f3 46. c5 bxc5 47. Re5 Qxd6 0-1

[Event "Mondiale Lampo FIDE 2019"]
[Site "Mosca"]
[Date "29.12.2019"]
[Round "10.44"]
[White "Dominguez Perez, Leinier"]
[Black "Khanin, Semen"]
[Result "1/2-1/2"]
[WhiteTitle "GM"]
[BlackTitle "IM"]
[WhiteElo "2758"]
[BlackElo "2500"]
[WhiteFideId "3503240"]
[BlackFideId "4111990"]
[EventDate "2019.12.29"]

1. e4 e5 2. Nf3 Nc6 3. Bc4 Bc5 4. c3 Nf6 5. d3 d6 6. Nbd2 a6 7. Bb3 h6 8. Nf1
Qe7 9. Ng3 Bd7 10. O-O O-O-O 11. d4 Bb6 12. Re1 g5 13. Bc2 g4 14. Nh4 exd4 15.
Nhf5 Qe5 16. Bd2 d3 17. Bxd3 h5 18. Nh4 Be6 19. Qc1 Nd7 20. Bf4 Qf6 21. Ngf5
Rhg8 22. a4 Nde5 23. Bf1 Ne7 24. a5 Ba7 25. Nxe7+ Qxe7 26. Bg3 Qf6 27. Qf4 Qxf4
28. Bxf4 f6 29. Be3 Bxe3 30. Rxe3 d5 31. exd5 Rxd5 32. f4 gxf3 33. Nxf3 Nxf3+
34. Rxf3 Rd2 35. Rf2 Rxf2 36. Kxf2 Rg5 37. Re1 Kd7 38. b4 Rf5+ 39. Ke3 Re5+ 40.
Kd2 Rxe1 41. Kxe1 Kd6 42. Kf2 h4 43. Ke3 Ke5 44. Be2 c6 45. Bd3 Bd7 46. Bc4 Bf5
47. Be2 Be6 48. Bd3 Bd7 49. Kf3 Be6 50. g3 hxg3 51. Kxg3 f5 52. h4 f4+ 53. Kf3
Bd5+ 54. Kf2 Kf6 55. Be2 Kf5 56. Bf3 Bc4 57. Kg1 Bd5 58. Kf2 Bc4 59. Kg2 Bd3 60.
Kh2 Bc4 61. Kg1 Bd5 62. Kf2 Bc4 63. Bh5 Bd5 64. Be2 Be4 65. Bf3 Bd3 66. Kg2 Bc4
67. Kh3 Bf1+ 68. Kh2 Bc4 69. Kg2 Bd3 70. Kf2 Bc4 71. Ke1 Bd5 72. Ke2 Bc4+ 73.
Kf2 Bd3 74. Kg2 Bc4 75. Kf2 Bd3 76. Kg2 Bc4 77. Kf2 1/2-1/2

[Event "Mondiale Lampo FIDE 2019"]
[Site "Mosca"]
[Date "29.12.2019"]
[Round "10.45"]
[White "Alekseenko, Kirill"]
[Black "Korobov, Anton"]
[Result "1/2-1/2"]
[WhiteTitle "GM"]
[BlackTitle "GM"]
[WhiteElo "2704"]
[BlackElo "2668"]
[WhiteFideId "4135539"]
[BlackFideId "14105730"]
[EventDate "2019.12.29"]

1. e4 c5 2. Nf3 d6 3. d4 cxd4 4. Nxd4 Nf6 5. Nc3 a6 6. Nb3 Nc6 7. Be3 e6 8. g4
h5 9. gxh5 b5 10. Bg2 Ne5 11. a4 b4 12. Ne2 Bb7 13. Ng3 Rc8 14. O-O d5 15. Bd4
Nc4 16. exd5 Nxd5 17. Qg4 Qc7 18. Rfe1 Nf6 19. Bxf6 gxf6 20. Bxb7 Qxb7 21. Rad1
Ne5 22. Rxe5 fxe5 23. Ne4 Be7 24. h6 Rc4 25. Qg7 Qxe4 26. Qxh8+ Bf8 27. Rd8+
Kxd8 28. Qxf8+ Kc7 29. Qxf7+ Kb8 30. Qf8+ Ka7 31. Qe7+ Kb8 32. Qd6+ Ka7 33. Qd7+
Kb8 34. Qd8+ Ka7 35. Qe7+ Kb8 36. Qd6+ Ka7 37. Qd7+ Kb8 38. Qd6+ 1/2-1/2

[Event "Mondiale Lampo FIDE 2019"]
[Site "Mosca"]
[Date "29.12.2019"]
[Round "10.46"]
[White "Gasanov, Eldar"]
[Black "Vitiugov, Nikita"]
[Result "0-1"]
[WhiteTitle "GM"]
[BlackTitle "GM"]
[WhiteElo "2481"]
[BlackElo "2747"]
[WhiteFideId "14104466"]
[BlackFideId "4152956"]
[EventDate "2019.12.29"]

1. d4 e6 2. c4 Nf6 3. Nc3 Bb4 4. Nf3 Bxc3+ 5. bxc3 d6 6. Bg5 Nbd7 7. Nd2 h6 8.
Bh4 Nf8 9. f3 Ng6 10. Bf2 e5 11. e4 O-O 12. g3 b6 13. a4 a5 14. h4 Nh7 15. h5
Ne7 16. g4 Ng5 17. Be2 Kh8 18. Nf1 Nc6 19. Ne3 Bd7 20. Kf1 Qe8 21. Nd5 Rc8 22.
c5 bxc5 23. dxc5 Ne7 24. c4 Nc6 25. Rb1 Ne6 26. cxd6 cxd6 27. Nb6 Rd8 28. Qxd6
Ned4 29. Qc5 Rb8 30. Rb2 Be6 31. Kg2 f6 32. Rhb1 Qf7 33. Be3 Rb7 34. Nd5 Rxb2
35. Rxb2 Rd8 36. Bf1 Qd7 37. Rb6 Rc8 38. Ra6 Nb4 39. Nb6 Rxc5 40. Nxd7 Nxa6 41.
Nxc5 Nxc5 0-1

[Event "Mondiale Lampo FIDE 2019"]
[Site "Mosca"]
[Date "29.12.2019"]
[Round "10.47"]
[White "Meier, Georg"]
[Black "Pigusov, Evgeny"]
[Result "0-1"]
[WhiteTitle "GM"]
[BlackTitle "GM"]
[WhiteElo "2626"]
[BlackElo "2555"]
[WhiteFideId "4675789"]
[BlackFideId "4100514"]
[EventDate "2019.12.29"]

1. Nf3 Nf6 2. g3 c5 3. c4 b6 4. Bg2 Bb7 5. O-O g6 6. b3 Bg7 7. Bb2 O-O 8. Nc3
Na6 9. Rc1 e6 10. d4 d5 11. cxd5 Nxd5 12. Na4 Qe7 13. Qd2 cxd4 14. Nxd4 Rfd8 15.
Rfd1 Nc5 16. Qc2 Nb4 17. Qb1 Bxg2 18. Kxg2 Nxa4 19. bxa4 Qb7+ 20. Nf3 Bxb2 21.
Qxb2 Qe7 22. e4 Nd3 23. Rxd3 Rxd3 24. Ne5 Rdd8 25. Ng4 e5 26. Qxe5 Qxe5 27. Nxe5
Rac8 28. Nc6 Kf8 0-1

[Event "Mondiale Lampo FIDE 2019"]
[Site "Mosca"]
[Date "29.12.2019"]
[Round "10.48"]
[White "Sarana, Alexey"]
[Black "Sanal, Vahap"]
[Result "1-0"]
[WhiteTitle "GM"]
[BlackTitle "GM"]
[WhiteElo "2663"]
[BlackElo "2549"]
[WhiteFideId "24133795"]
[BlackFideId "6300545"]
[EventDate "2019.12.29"]

1. d4 Nc6 2. Nf3 d6 3. e4 Nf6 4. d5 Nb8 5. Bd3 g6 6. c4 Bg7 7. Nc3 O-O 8. h3 c6
9. O-O a6 10. Bf4 b5 11. Qe2 b4 12. Na4 Nfd7 13. Rad1 c5 14. e5 dxe5 15. Nxe5
Nxe5 16. Bxe5 Bxe5 17. Qxe5 Qd6 18. Rfe1 Ra7 19. Nxc5 Qxc5 20. Qxb8 Bg4 21. Qxa7
Qxa7 22. hxg4 Rd8 23. b3 a5 24. Re3 Rd7 25. Bc2 Qc5 26. g3 Kg7 27. Kg2 e6 28.
Be4 Rd6 29. Bf3 exd5 30. Bxd5 a4 31. bxa4 Qa7 32. Rd2 h6 33. Re8 Qxa4 34. Re7
Rf6 35. Rb7 Qa3 36. Re2 Kf8 37. Rb8+ Kg7 38. Ree8 Rd6 39. Re7 Rf6 40. Rbb7 Qxa2
41. Rxf7+ Rxf7 42. Rxf7+ Kh8 43. Rf8+ Kg7 44. Rf7+ Kh8 45. Rb7 Qb3 46. Rb6 Kg7
47. Rb7+ Kf6 48. f4 Qc2+ 49. Kh3 g5 50. Rf7+ 1-0

[Event "Mondiale Lampo FIDE 2019"]
[Site "Mosca"]
[Date "29.12.2019"]
[Round "10.49"]
[White "Riazantsev, Alexander"]
[Black "Vokhidov, Shamsiddin"]
[Result "0-1"]
[WhiteTitle "GM"]
[BlackTitle "IM"]
[WhiteElo "2639"]
[BlackElo "2526"]
[WhiteFideId "4125029"]
[BlackFideId "14204223"]
[EventDate "2019.12.29"]

1. d4 d5 2. c4 e6 3. Nf3 c6 4. b3 Nf6 5. e3 Nbd7 6. Nbd2 Bd6 7. Bb2 O-O 8. Bd3
Qe7 9. Ne5 Ba3 10. Bxa3 Qxa3 11. f4 c5 12. O-O cxd4 13. exd4 b6 14. f5 exf5 15.
Bxf5 Nxe5 16. dxe5 Bxf5 17. exf6 Bg6 18. fxg7 Kxg7 19. Qf3 Rad8 20. cxd5 Qc5+
21. Kh1 Qxd5 22. Qf6+ Kg8 23. Nf3 Rfe8 24. Rac1 Rd6 25. Qf4 Rde6 26. h3 Re2 27.
a4 R2e4 28. Qc7 R4e7 29. Qc3 Re3 30. Qc7 R8e7 31. Qb8+ Kg7 32. Rc8 f6 33. Rh8
Be8 34. Rxe8 Rxe8 35. Qxa7+ R8e7 36. Qxb6 Qxb3 37. Qa5 Qd3 38. Kg1 Re2 39. Qh5
Qg6 40. Qxg6+ hxg6 41. Ra1 Rb2 42. Nd4 Re4 43. Rd1 Rb4 44. Nb5 Rxa4 45. Nc3 Rad4
46. Ra1 Re7 47. Kh2 Rc4 48. Nd5 Rf7 49. Ra6 Rd4 50. Ne3 Re7 51. Ng4 f5 52. Nf2
Rd2 53. Nh1 Ree2 54. Kg3 Rxg2+ 55. Kf3 Rh2 56. Ng3 Rd3+ 57. Kf4 Rf2+ 0-1

[Event "Mondiale Lampo FIDE 2019"]
[Site "Mosca"]
[Date "29.12.2019"]
[Round "10.50"]
[White "Bosiocic, Marin"]
[Black "Smirin, Ilia"]
[Result "1/2-1/2"]
[WhiteTitle "GM"]
[BlackTitle "GM"]
[WhiteElo "2623"]
[BlackElo "2607"]
[WhiteFideId "14507927"]
[BlackFideId "2801990"]
[EventDate "2019.12.29"]

1. e4 c5 2. Nf3 e6 3. d4 cxd4 4. Nxd4 a6 5. c4 Nf6 6. Nc3 Bb4 7. Nc2 Bxc3+ 8.
bxc3 Nc6 9. f3 Qa5 10. Qd2 O-O 11. Ba3 d6 12. Be2 Rd8 13. O-O d5 14. Qe3 dxc4
15. Bxc4 e5 16. Bc5 Nd7 17. Ba3 Nf6 18. Rfd1 Be6 19. Bb3 Bxb3 20. axb3 Rxd1+ 21.
Rxd1 Rd8 22. Rd3 h6 23. Kf2 Rxd3 24. Qxd3 Qb6+ 25. Ke2 Qxb3 26. c4 Qa2 27. Ke3
Qb1 28. Ke2 Qg1 29. g4 Qxh2+ 30. Kd1 Qg1+ 31. Kd2 Qf2+ 32. Kc1 Nh7 33. Qd7 Ng5
34. Qxb7 Qf1+ 35. Kb2 Qxc4 36. Qc8+ Kh7 37. Qf5+ g6 38. Qf6 Qe6 39. Qxe6 Nxe6
40. Ne1 h5 41. gxh5 gxh5 42. Ng2 Ncd4 43. Nh4 Ng5 1/2-1/2

[Event "Mondiale Lampo FIDE 2019"]
[Site "Mosca"]
[Date "29.12.2019"]
[Round "10.51"]
[White "Grachev, Boris"]
[Black "Narayanan, Srinath"]
[Result "1-0"]
[WhiteTitle "GM"]
[BlackTitle "GM"]
[WhiteElo "2614"]
[BlackElo "2529"]
[WhiteFideId "4129199"]
[BlackFideId "5018420"]
[EventDate "2019.12.29"]

1. Nf3 d5 2. d4 Nf6 3. Bf4 c5 4. e3 Nc6 5. Nbd2 Qb6 6. dxc5 Qxb2 7. Rb1 Qc3 8.
Bb5 e6 9. O-O Be7 10. Ne5 Bd7 11. Nd3 O-O 12. Bc7 b6 13. a4 Ne8 14. Be5 Nxe5 15.
Rb3 Qa5 16. Nxe5 Bxb5 17. axb5 bxc5 18. b6 Bd6 19. b7 Rb8 20. Nc6 Bxh2+ 21. Kh1
Qa6 22. Nxb8 Bxb8 23. Nf3 Nf6 24. Qa1 Qc4 25. Kg1 Qxc2 26. Rc3 Qf5 27. Rxc5 e5
28. Rfc1 e4 29. Rc8 exf3 30. Rxf8+ Kxf8 31. Qa3+ Ke8 32. Rc8+ Kd7 33. Qa4+ Ke7
34. Qb4+ Ke6 35. Rxb8 Qg6 36. g3 Qc2 37. Re8+ Nxe8 38. b8=Q Nf6 39. Q8d6+ Kf5
40. Qbf4+ Kg6 41. Qg4+ 1-0

[Event "Mondiale Lampo FIDE 2019"]
[Site "Mosca"]
[Date "29.12.2019"]
[Round "10.52"]
[White "Zarnicki, Pablo"]
[Black "Fridman, Daniel"]
[Result "0-1"]
[WhiteTitle "GM"]
[BlackTitle "GM"]
[WhiteElo "2514"]
[BlackElo "2616"]
[WhiteFideId "100137"]
[BlackFideId "11600454"]
[EventDate "2019.12.29"]

1. e4 e5 2. Nf3 Nf6 3. Nc3 Nc6 4. d4 exd4 5. Nxd4 Bb4 6. Nxc6 bxc6 7. Bd3 O-O 8.
O-O Re8 9. Bg5 Qe7 10. f4 d6 11. Kh1 h6 12. Bh4 Rb8 13. Qf3 Qe6 14. e5 Qg4 15.
Qf2 Bc5 16. Qe1 Bd4 17. Bxf6 Bxc3 18. Qxc3 gxf6 19. Rf3 Kh8 20. exd6 cxd6 21.
Raf1 Rb7 22. Qxf6+ Qg7 23. Qxd6 Rbe7 24. Rg3 0-1

[Event "Mondiale Lampo FIDE 2019"]
[Site "Mosca"]
[Date "29.12.2019"]
[Round "10.53"]
[White "Bocharov, Dmitry"]
[Black "Drygalov, Sergey"]
[Result "1-0"]
[WhiteTitle "GM"]
[BlackTitle "IM"]
[WhiteElo "2524"]
[BlackElo "2473"]
[WhiteFideId "4138716"]
[BlackFideId "24171743"]
[EventDate "2019.12.29"]

1. c4 Nf6 2. Nf3 c6 3. Nc3 d5 4. e3 e6 5. b3 Nbd7 6. Bb2 Bd6 7. Qc2 O-O 8. Rg1
e5 9. cxd5 Nxd5 10. Ne4 Bc7 11. g4 N7f6 12. g5 Nxe4 13. Qxe4 a5 14. a3 Re8 15.
Nxe5 g6 16. f4 Bf5 17. Qc4 Be6 18. Qc2 Bb6 19. Rg3 Bf5 20. Qc4 Bc7 21. Be2 Rc8
22. h4 b5 23. Qc1 Bxe5 24. Bxe5 Qe7 25. Kf2 f6 26. gxf6 Nxf6 27. Bf3 Nd7 28. Bb2 1-0